| 000 | 00538nam a2200193Ia 4500 | ||
|---|---|---|---|
| 008 | 131103s9999 xx 000 0 und d | ||
| 040 | _aLoreto College | ||
| 041 | _aEnglish | ||
| 082 |
_a822.3/CHA _bLCLIB/12013 |
||
| 100 | _aChapman, George | ||
| 245 |
_aBussy D'Ambois _cGeorge Chapman, edited by Maurice Evans |
||
| 260 |
_aLondon _bEanest Benn _c1965 |
||
| 300 |
_axxxiv,126p. _c 20c.m. |
||
| 440 | _aThe New Mermaids | ||
| 650 | _aEnglish drama | ||
| 700 | _aEvans, Maurice; ed. | ||
| 850 | _aLCLIB/822.3/CHA | ||
| 942 | _cBK | ||
| 999 |
_c22584 _d73063 |
||